| 000 | 00760nam a2200205 a 4500 | ||
|---|---|---|---|
| 999 |
_c5985 _d5985 |
||
| 001 | 5985 | ||
| 003 | BD-JhCC | ||
| 005 | 20180210110940.0 | ||
| 008 | 171231s1400 bg |||| ||a| 000 0 ben d | ||
| 035 | _a(BD-JhCC)5985 | ||
| 040 |
_aBD-JhCC _dBD-JhCC |
||
| 041 | _aben | ||
| 082 |
_a050 _bRAS 1400 |
||
| 245 |
_aবাঙলা একাডেমী পত্রিকা : গবেষণামূলক ত্রৈমাসিক কার্তিক-পৌষ ১৪০০ / _cমোহাম্মদ হারুন-উর-রশিদ (সম্পদিত) |
||
| 260 |
_aঢাকা : _bবাঙলা একাডেমী, _c1400. |
||
| 300 |
_a160 p. : _c24 cm. |
||
| 650 |
_aBangali Philology _xPreiodicals |
||
| 942 |
_2ddc _cBK |
||